PC Photoshop : Hiệu ứng Photoshop
Salvato in:
| Autore principale: | |
|---|---|
| Natura: | Libro |
| Lingua: | Undetermined |
| Pubblicazione: |
Thành phố Hồ Chí Minh
Đất VIệt
2005
|
| Soggetti: | |
| Tags: |
Aggiungi Tag
Nessun Tag, puoi essere il primo ad aggiungerne! !
|
| Thư viện lưu trữ: | Trung tâm Học liệu Trường Đại học Cần Thơ |
|---|
| LEADER | 00686nam a2200217Ia 4500 | ||
|---|---|---|---|
| 001 | CTU_95780 | ||
| 008 | 210402s9999 xx 000 0 und d | ||
| 020 | |c 7500 | ||
| 082 | |a 005.3 | ||
| 082 | |b H103/T.1 | ||
| 100 | |a Nguyễn, Kim Hải | ||
| 245 | 0 | |a PC Photoshop : | |
| 245 | 0 | |b Hiệu ứng Photoshop | |
| 245 | 0 | |c Nguyễn Kim Hải | |
| 260 | |a Thành phố Hồ Chí Minh | ||
| 260 | |b Đất VIệt | ||
| 260 | |c 2005 | ||
| 650 | |a Computer graphics,Photoshop ( computer programs ) | ||
| 650 | |x Computer programs | ||
| 904 | |i Minh (sửa số pl 005.3/P467p/T.1 thành 005.3/H103/T.1) | ||
| 980 | |a Trung tâm Học liệu Trường Đại học Cần Thơ | ||